Statistiken für Höchste Berge der Schweiz auf einer Karte

Klicken Sie hier um das Quiz zu spielen!

Allgemein

  • Dieses Quiz wurde 68 mal gespielt
  • Das Durchschnittsergebnis liegt bei 10 aus 30

Antworten auf der Karte

Die Antworten werden auf der Karte rot bzw. grün angezeigt, abhängig davon wie oft sie richtig erraten wurden.
 

Antwortstatistiken

HöheBerggipfel% Korrekt
4478 mMatterhorn
100%
4634 mDufourspitze
83%
3967 mEiger
81%
4107 m Mönch
78%
4158 mJungfrau
76%
4049 m
Piz Bernina
65%
4505 mWeisshorn
54%
4545 mDom
50%
4274 mFinsteraarhorn
46%
4527 mLiskamm
41%
3780 mBreithorn (BE/VS)
37%
4164 m Breithorn (VS)
37%
4206 mAlphubel
31%
4357 mDent Blanche
30%
3614 mTödi
26%
4221 mZinalrothorn
26%
4017 mWeissmies
20%
4193 m Aletschhorn
19%
4078 mSchreckhorn
19%
3630 mDammastock
13%
4314 mGrand Combin
13%
3934 mBietschhorn
11%
3661 mBlüemlisalp
11%
3643 mDoldenhorn
11%
4010 mLagginhorn
9%
3698 mBalmhorn
7%
3822 mNesthorn
7%
3937 mPiz Roseg
7%
3996 mPiz Zupò
7%
3751 mPiz Morteratsch
6%

Verteilung der Resultate

Perzentil nach korrekt beantworteten Fragen

Anzahl Personen mit jedem Resultat

Ihre Resultats-Entwicklung

Sie haben dieses Quiz noch nicht gespielt